|
|
|
|
| LEADER |
00000csc a2200000 a 4500 |
| 001 |
53547 |
| 005 |
20230308215139.0 |
| 008 |
000000|1964 ||||||||r|||||||||||spa|| |
| 040 |
|
|
|b spa
|
| 041 |
1 |
|
|a spa
|
| 082 |
0 |
|
|a 400
|
| 245 |
|
|
|a Antología de la poesía Española: lírica de tipo tradicional
|c Dámaso Alonso y José Manuel Blecua, Dirigida por Dámaso Alonso
|h imp
|n tomo 6.
|
| 250 |
|
|
|a 2a ed. corregida
|
| 264 |
|
|
|a Madrid
|b Editorial Gredos
|c 1964
|
| 300 |
|
|
|a 265 páginas:
|c 20 cm
|
| 490 |
|
|
|a Biblioteca Románica Hispánica. Antología Hispánica
|v v. 6
|
| 504 |
|
|
|a incl. ref.
|
| 650 |
|
|
|a Poesia española siglo de oro
|9 289918
|
| 700 |
1 |
|
|a Alonso, Dámaso
|
| 700 |
1 |
|
|a Blecua, José Manuel
|9 232123
|
| 852 |
|
|
|a UC-CDJBV
|c ESTANTERIA CERRADA
|f Compra
|k lucia.mora
|l 1
|m General
|p 00000000
|q 35,00
|r 2
|t 53547
|b 0
|d CDRC
|e CDRC
|g 400 ESTANTERIA CERRADA
|z 0000-00-00
|
| 942 |
|
|
|
| 999 |
|
|
|c 129955
|d 129955
|